00379nam a2200109Ia 4500008004100000020002200041041001200063100005600075245008500131260003200216650002100248231221s9999 xx 000 0 und d a978-0-387-09699-5 aEnglish aSushil Jajodia, Pierangela Samarati, Stelvio Cimato 0aProceedings of The Ifip Tc 11 23rd International Information Security Conference c2008bSpringer USaNew York aComputer Science